[Event "12 Open Aosta"]
[Site "Saint Vincent"]
[Date "2004.02.13"]
[Round "7"]
[White "Nisipeanu, Liviu Dieter"]
[Black "Gurevich, Mikhail"]
[Result "1/2-1/2"]
[WhiteElo "2678"]
[BlackElo "2656"]
[PlyCount "148"]
[EventDate "2004.02.08"]
[Source "Roberto Alvarez"]
[SourceDate "2004.02.16"]

1. e4 e6 2. d4 d5 3. Nd2 Nf6 4. e5 Nfd7 5. Bd3 c5 6. c3 Nc6 7. Ngf3 g6 8. O-O Bg7 9. Re1 O-O 10. Nf1 cxd4 11. cxd4 Qb6 12. Bc2 f6 13. exf6 Nxf6 14. Bb3 Bd7 15. h3 Ne4 16. Be3 a5 17. Rb1 Rxf3 18. gxf3 Nd6 19. Ba4 Nf5 20. f4 Rf8 21. Ng3 Nfxd4 22. Kg2 Qd8 23. Bxd4 Nxd4 24. Bxd7 Qxd7 25. Qd2 e5 26. fxe5 Nf3 27. e6 Nxd2 28. exd7 Nxb1 29. Rxb1 Rd8 30. Ne2 Rxd7 31. Nf4 Be5 32. Nd3 Bd6 33. Rc1 Rc7 34. Rxc7 Bxc7 35. b3 Kf7 36. f3 Ke6 37. Kf1 Bd6 38. Ke2 Kf5 39. Kf2 Bb8 40. Kf1 Bg3 41. Kg2 Bh4 42. Kf1 h6 43. Kg2 Bd8 44. Kf1 Bc7 45. Kg2 Bd6 46. Kf1 Kf6 47. Kf2 Kg5 48. Kf1 Kf5 49. Kg2 g5 50. Kf1 b6 51. Kg2 Bc5 52. Kf1 Bd4 53. Kg2 Be3 54. Kf1 Ke6 55. Ke2 Bg1 56. Kf1 Be3 57. Ke2 d4 58. Kf1 h5 59. Kg2 h4 60. Kh1 Kd5 61. Kg2 Bf4 62. Kf2 Bd6 63. Ke2 Bg3 64. Kf1 g4 65. fxg4 Ke4 66. Ke2 Bd6 67. g5 Be7 68. g6 Bf6 69. Ne1 Kf4 70. Kf2 Bg7 71. Nd3+ Ke4 72. Ke2 Bh6 73. Ne1 Kf4 74. Kf2 Kg5 1/2-1/2

[Event "CRO-chT"]
[Site "?"]
[Date "2000.09.15"]
[Round "5"]
[White "Smirin Ilia"]
[Black "Ulibin Mikhail"]
[Result "1-0"]
[WhiteElo "2677"]
[BlackElo "2583"]
[PlyCount "57"]
[EventDate "2000.??.??"]
[Source "www.chesslib.no"]
[SourceDate "2004.05.04"]

1. e4 e6 2. d4 d5 3. Nd2 Nf6 4. e5 Nfd7 5. Bd3 c5 6. c3 Nc6 7. Ngf3 Be7 8. O-O a5 9. Re1 cxd4 10. cxd4 Qb6 11. Nb1 Nxd4 12. Nxd4 Qxd4 13. Nc3 Qb6 14. Qg4 g6 15. Nb5 O-O 16. Bh6 Nc5 17. Qd4 Rd8 18. Rac1 Ra6 19. Be3 Nxd3 20. Qxd3 d4 21. Bxd4 Bc5 22. Bxc5 Rxd3 23. Bxb6 Bd7 24. Bd8 Bxb5 25. Rc8 Kg7 26. Bf6+ Kh6 27. h4 Rd4 28. f3 g5 29. g4 1-0

[Event "Cap d'Agde KO"]
[Site "Cap d'Agde"]
[Date "2000.11.01"]
[Round "1.1"]
[White "Benjamin, Joel"]
[Black "Gurevich, Mikhail"]
[Result "0-1"]
[WhiteElo "2577"]
[BlackElo "2667"]
[PlyCount "100"]
[EventDate "2000.11.01"]
[Source "ChessBase"]
[SourceDate "2001.01.25"]

1. e4 e6 2. d4 d5 3. Nd2 Nf6 4. e5 Nfd7 5. Bd3 c5 6. c3 Nc6 7. Ngf3 g6 8. O-O Bg7 9. Re1 O-O 10. Nf1 cxd4 11. cxd4 Qb6 12. Bc2 f6 13. exf6 Nxf6 14. Rb1 Bd7 15. h3 Nb4 16. Bb3 Bb5 17. Ne5 Ne4 18. Be3 Nxf2 19. Bxf2 Rxf2 20. Kxf2 Bxe5 21. Kg1 Bxd4+ 22. Kh2 Nd3 23. Re2 Bg1+ 24. Kh1 Nf2+ 25. Rxf2 Bxf2 26. Nh2 Qd4 27. Qc1 Bd3 28. Ra1 Bf5 29. Qc7 Qb6 30. Qe7 Bc5 31. Qh4 Qd8 32. Qh6 Bf8 33. Qd2 Bg7 34. Bc2 Bxc2 35. Qxc2 Rc8 36. Qe2 Qd6 37. Rd1 a6 38. Nf3 Bf6 39. Qd2 Rc4 40. b3 Rc8 41. Qd3 Kg7 42. Qd2 b5 43. Qf2 Qc5 44. Qe2 Qc2 45. Rd2 Qb1+ 46. Kh2 Qf5 47. Qd1 Rc3 48. Kh1 Qf4 49. Qe1 Rxf3 50. gxf3 Bc3 0-1

[Event "Europa ch 2008"]
[Site "Plovdiv BUL"]
[Date "2008.04.29"]
[Round "8.10"]
[White "Pavasovic, Dusko"]
[Black "Baklan, Vladimir"]
[Result "0-1"]
[WhiteElo "2595"]
[BlackElo "2647"]
[PlyCount "58"]
[EventDate "2008.04.21"]
[Source "www.chesslib.no"]
[SourceDate "2004.05.04"]

1. e4 e6 2. d4 d5 3. Nd2 Nf6 4. e5 Nfd7 5. Bd3 c5 6. c3 Nc6 7. Ngf3 cxd4 8. cxd4 f6 9. Ng5 fxg5 10. Qh5+ g6 11. Bxg6+ hxg6 12. Qxg6+ Ke7 13. Ne4 Ndxe5 14. dxe5 Kd7 15. Nf6+ Kc7 16. Qxg5 Qe7 17. a3 Bd7 18. Qg3 b6 19. Bg5 Qg7 20. b4 Kb7 21. h4 Be7 22. O-O Rhd8 23. f4 Rac8 24. Qd3 Be8 25. b5 Bc5+ 26. Kh1 Nd4 27. a4 Bg6 28. Qh3 Rh8 29. h5 Bxh5 0-1

[Event "Saint-Vincent 87/265"]
[Site "?"]
[Date "2003.??.??"]
[Round "?"]
[White "Nisipeanu, L._D."]
[Black "Volkov, S."]
[Result "1-0"]
[WhiteElo "2592"]
[BlackElo "2624"]
[PlyCount "87"]
[EventDate "2003.??.??"]
[Source "Chess Informant"]
[SourceDate "2003.02.01"]

1. e4 e6 2. d4 d5 3. Nd2 Nf6 4. e5 Nfd7 5. Bd3 c5 6. c3 Nc6 7. Ngf3 Be7 8. O-O g5 9. a3 h5 10. b4 g4 11. b5 Nxd4 12. cxd4 gxf3 13. Nxf3 c4 14. Bc2 a6 15. Rb1 axb5 16. Rxb5 Bxa3 17. Ng5 Bxc1 18. Qxc1 Nb8 19. Nh7 Kd7 20. Nf6+ Kc7 21. Be4 Bd7 22. Nxd5+ exd5 23. Rxd5 Qh4 24. Qxc4+ Bc6 25. Bf3 Ra4 26. Qc3 Rd8 27. Rxd8 Kxd8 28. d5 Bb5 29. Rb1 Qc4 30. Qe3 Nd7 31. Qg5+ f6 32. Qg8+ Kc7 33. d6+ Kb6 34. Qxc4 Rxc4 35. e6 Ne5 36. Be2 Kc6 37. Bxc4 Bxc4 38. d7 Nxd7 39. exd7 Kxd7 40. Rxb7+ Ke8 41. f3 Kf8 42. Kf2 Bd5 43. Ra7 Bf7 44. Kg3 1-0

[Event "IX Torneo GM"]
[Site "Banja Luka BIH"]
[Date "2008.09.02"]
[Round "4"]
[White "Gopal, G."]
[Black "Volkov, Sergey1"]
[Result "1/2-1/2"]
[WhiteElo "2572"]
[BlackElo "2636"]
[PlyCount "77"]
[EventDate "2008.09.29"]
[Source "www.chesslib.no"]
[SourceDate "2004.05.04"]

1. e4 e6 2. d4 d5 3. Nd2 Nf6 4. e5 Nfd7 5. Bd3 c5 6. c3 Nc6 7. Ngf3 g6 8. h4 Be7 9. O-O O-O 10. Re1 Qb6 11. dxc5 Bxc5 12. Qe2 Ndxe5 13. Nxe5 Nxe5 14. Qxe5 Bxf2+ 15. Kh1 f6 16. Qe2 Bxe1 17. Qxe1 e5 18. c4 Be6 19. cxd5 Bxd5 20. Ne4 Rad8 21. Bh6 Qxb2 22. Bxf8 Kxf8 23. Rb1 Qa3 24. Qe3 Kg7 25. Nxf6 Qxd3 26. Qxd3 Bxg2+ 27. Kxg2 Rxd3 28. Ne4 b6 29. Rc1 Ra3 30. Rc7+ Kh6 31. Nf6 Rxa2+ 32. Kf3 Ra3+ 33. Kg4 Ra4+ 34. Kg3 Ra3+ 35. Kg4 Ra4+ 36. Kh3 Ra3+ 37. Kg2 Ra2+ 38. Kf3 Ra3+ 39. Kg4 1/2-1/2

[Event "IX Camp. europeo T/B WChQual"]
[Site "Plovdiv BUL"]
[Date "2008.05.03"]
[Round "1.2"]
[White "Pavasovic, D."]
[Black "Gurevich, M."]
[Result "1/2-1/2"]
[WhiteElo "2595"]
[BlackElo "2611"]
[PlyCount "91"]
[EventDate "2008.05.03"]
[Source "www.chesslib.no"]
[SourceDate "2004.05.04"]

1. e4 e6 2. d4 d5 3. Nd2 Nf6 4. e5 Nfd7 5. Bd3 c5 6. c3 Nc6 7. Ngf3 cxd4 8. cxd4 Nb6 9. O-O Bd7 10. a3 Be7 11. b3 a5 12. Bb2 a4 13. b4 Na7 14. Qe2 O-O 15. Ne1 Qe8 16. f4 f5 17. exf6 Rxf6 18. g4 Bd6 19. Ng2 Bb5 20. Rae1 Bxd3 21. Qxd3 Qb5 22. Qh3 Qd7 23. Nf3 Nc4 24. Bc1 g6 25. Ne5 Qb5 26. f5 gxf5 27. gxf5 exf5 28. Bg5 Bxe5 29. dxe5 Rg6 30. Qxf5 Qb6+ 31. Kh1 Qe6 32. Qxe6+ Rxe6 33. Bf6 Rf8 34. Nf4 Rfxf6 35. exf6 Rxf6 36. Nxd5 Rxf1+ 37. Rxf1 Nb5 38. Ne7+ Kg7 39. Nf5+ Kg8 40. Ne7+ Kh8 41. Rg1 h5 42. Ng6+ Kh7 43. Nf8+ Kh8 44. Ng6+ Kh7 45. Nf8+ Kh8 46. Ng6+ 1/2-1/2

[Event "Open Aeroflot"]
[Site "Mosca RUS"]
[Date "2007.02.17"]
[Round "4"]
[White "Iordachescu, V."]
[Black "Volkov, Sergey"]
[Result "1-0"]
[WhiteElo "2563"]
[BlackElo "2636"]
[PlyCount "89"]
[EventDate "2007.02.14"]
[Source "www.chesslib.no"]
[SourceDate "2004.05.04"]

1. e4 e6 2. d4 d5 3. Nd2 Nf6 4. e5 Nfd7 5. Bd3 c5 6. c3 Nc6 7. Ngf3 Be7 8. O-O g5 9. dxc5 Ndxe5 10. Nxe5 Nxe5 11. Nb3 Qc7 12. f4 Bxc5+ 13. Nxc5 Qxc5+ 14. Rf2 Nxd3 15. Qxd3 g4 16. b3 Bd7 17. Be3 Qb5 18. Qd4 Rg8 19. f5 exf5 20. Qe5+ Be6 21. Rxf5 O-O-O 22. Rf2 a6 23. Bf4 Qc6 24. Rd1 b5 25. c4 Kb7 26. cxb5 Qxb5 27. a4 Qd7 28. Rd4 Qe7 29. Qe1 Ka8 30. Qe2 Qa7 31. Be3 Bc8 32. Qd2 Rge8 33. Rf1 Qb6 34. Bf2 Re4 35. b4 f5 36. b5 h5 37. Rd1 Qe6 38. Rxe4 fxe4 39. Qd4 Qe7 40. Rc1 Re8 41. Be3 Qd7 42. Rc6 h4 43. Qb6 Qb7 44. Qc5 Qb8 45. Rc7 1-0

[Event "WchT 5th"]
[Site "Yerevan"]
[Date "2001.10.16"]
[Round "5.4"]
[White "Minasian, Artashes"]
[Black "Luther, Thomas"]
[Result "1/2-1/2"]
[WhiteElo "2581"]
[BlackElo "2604"]
[PlyCount "130"]
[EventDate "2001.10.12"]
[Source "ChessBase"]
[SourceDate "2001.02.01"]

1. e4 e6 2. d4 d5 3. Nd2 Nf6 4. e5 Nfd7 5. Bd3 c5 6. c3 Nc6 7. Ngf3 a5 8. O-O g6 9. Re1 Bg7 10. Nf1 cxd4 11. cxd4 Qb6 12. Bc2 O-O 13. h4 f6 14. h5 fxe5 15. hxg6 e4 16. gxh7+ Kh8 17. Nh4 Nde5 18. Be3 Qd8 19. Qh5 Bf6 20. dxe5 Bxh4 21. Rad1 Bd7 22. g3 Be7 23. Bh6 Qe8 24. Qxe8 Bxe8 25. Bxf8 Bxf8 26. Bxe4 dxe4 27. Rxe4 Bg6 28. Re3 Bc5 29. Rc3 Bb4 30. Re3 Bc5 31. Rc3 b6 32. Nh2 Nxe5 33. a3 Rf8 34. Rd2 Kxh7 35. Kf1 Rf7 36. f4 Nc6 37. Nf3 Kg7 38. b4 axb4 39. axb4 Nxb4 40. Ne5 Ra7 41. Nxg6 Kxg6 42. Re2 Kf7 43. Kg2 Nd5 44. Rf3 Ne7 45. Rf1 Nf5 46. Rh1 Ra3 47. Rh7+ Kf6 48. Rh3 Ra1 49. Rb2 Rg1+ 50. Kf3 Rf1+ 51. Kg2 Ne3+ 52. Kh2 Kf5 53. Rh5+ Kg4 54. Rg5+ Kf3 55. Rb3 Ra1 56. f5 Ra2+ 57. Kh3 Ra8 58. Rh5 e5 59. f6 Rg8 60. g4 Rxg4 61. Rxe5 Rf4 62. Re6 Bd4 63. Rexb6 Bxb6 64. Rxb6 Rf5 65. Rb4 Rxf6 1/2-1/2

[Event "Biel"]
[Site "Biel"]
[Date "1995.??.??"]
[Round "9"]
[White "Tkachiev, Vladislav"]
[Black "Kindermann, Stefan"]
[Result "1/2-1/2"]
[WhiteElo "2605"]
[BlackElo "2565"]
[PlyCount "36"]
[EventDate "1995.07.??"]
[Source "ChessBase"]

1. e4 e6 2. d4 d5 3. Nd2 Nf6 4. e5 Nfd7 5. Bd3 c5 6. c3 Nc6 7. Ngf3 Qb6 8. O-O g6 9. dxc5 Nxc5 10. Nb3 Nxd3 11. Qxd3 Bg7 12. Bf4 Bd7 13. Rfe1 h6 14. h4 O-O-O 15. Nbd4 Nxd4 16. Nxd4 g5 17. hxg5 hxg5 18. Bxg5 Rdg8 1/2-1/2

[Event "Lausanne YM Pool A"]
[Site "Lausanne"]
[Date "1999.05.13"]
[Round "3"]
[White "Ponomariov, Ruslan"]
[Black "Bunzmann, Dimitrij"]
[Result "1-0"]
[WhiteElo "2609"]
[BlackElo "2555"]
[PlyCount "93"]
[EventDate "1999.05.??"]
[Source "ChessBase"]
[SourceDate "1999.08.01"]

1. e4 e6 2. d4 d5 3. Nd2 Nf6 4. e5 Nfd7 5. Bd3 c5 6. c3 Nc6 7. Ne2 a5 8. O-O Be7 9. Nf3 a4 10. Nf4 cxd4 11. cxd4 Nb6 12. Nh5 g6 13. Nf6+ Bxf6 14. exf6 Qxf6 15. Bg5 Qg7 16. Qd2 f6 17. Bh6 Qc7 18. h4 Kf7 19. Rfe1 Bd7 20. Bf4 Qd8 21. Rac1 Nc8 22. g4 Rf8 23. Bh6 Re8 24. h5 e5 25. hxg6+ hxg6 26. dxe5 Nxe5 27. Nxe5+ Rxe5 28. Rxe5 fxe5 29. Bg5 Qe8 30. Rc7 Qe6 31. Be4 Nb6 32. Bg2 Rb8 33. Bh4 Qxg4 34. Bg3 Qe6 35. Qh6 Kg8 36. Qg5 Qf5 37. Qxf5 Bxf5 38. Bxe5 Rd8 39. Rxb7 Nc4 40. Bf6 Re8 41. Bxd5+ Be6 42. Rb8 Bxd5 43. Rxe8+ Kf7 44. Rd8 Ke6 45. Bc3 Nd6 46. a3 Ne4 47. Kf1 1-0

[Event "FRA Ch Top 16 Poule Haute"]
[Site "?"]
[Date "2005.05.05"]
[Round "9"]
[White "Delchev Aleksander"]
[Black "Apicella Manuel"]
[Result "1-0"]
[WhiteElo "2614"]
[BlackElo "2550"]
[PlyCount "67"]
[EventDate "2005.??.??"]
[Source "www.chesslib.no"]
[SourceDate "2004.05.04"]

1. e4 e6 2. d4 d5 3. Nd2 Nf6 4. e5 Nfd7 5. Bd3 c5 6. c3 Nc6 7. Ngf3 Be7 8. O-O a5 9. Re1 c4 10. Bc2 b5 11. b3 Nb6 12. bxc4 bxc4 13. a4 Bd7 14. Nf1 Ra7 15. Ng3 h5 16. h4 Bxh4 17. Nxh4 Qxh4 18. Be3 Qd8 19. Nxh5 Qh4 20. g4 Qh3 21. Rb1 Nc8 22. Bd2 g6 23. Re3 Qh4 24. Nf6+ Kd8 25. Qf3 Qh2+ 26. Kf1 N6e7 27. Nxd7 Rxd7 28. Qxf7 Kc7 29. Rf3 Rdd8 30. Qxe6 Rdf8 31. Rf6 Qh3+ 32. Ke2 Rxf6 33. exf6 Nf5 34. Bxf5 1-0

[Event "URS-CupT"]
[Site "Ordzhonikidze"]
[Date "1978.??.??"]
[Round "?"]
[White "Geller, Efim P"]
[Black "Bronstein, David I"]
[Result "1/2-1/2"]
[WhiteElo "2590"]
[BlackElo "2570"]
[PlyCount "42"]
[EventDate "1978.05.??"]
[Source "www.chesslib.no"]
[SourceDate "2004.05.04"]

1. e4 e6 2. d4 d5 3. Nd2 Nf6 4. e5 Nfd7 5. Bd3 c5 6. c3 Nc6 7. Ne2 f6 8. exf6 Qxf6 9. Nf3 Bd6 10. Bg5 Qf7 11. Be3 cxd4 12. Nexd4 h6 13. O-O e5 14. Nh4 Ne7 15. Ndf5 Nxf5 16. Nxf5 Bc7 17. Bc2 Nf6 18. Bc5 Bxf5 19. Bxf5 Nd7 20. Qc2 e4 21. Bxd7+ Qxd7 1/2-1/2

[Event "RUS Cup final 5th"]
[Site "Kazan"]
[Date "2001.10.11"]
[Round "10"]
[White "Vorobiov, Evgeny E"]
[Black "Kharlov, Andrei"]
[Result "1/2-1/2"]
[WhiteElo "2503"]
[BlackElo "2656"]
[PlyCount "129"]
[EventDate "2001.10.02"]
[Source "ChessBase"]
[SourceDate "2001.02.01"]

1. e4 e6 2. d4 d5 3. Nd2 Nf6 4. e5 Nfd7 5. Bd3 c5 6. c3 Nc6 7. Ne2 Nb6 8. O-O Bd7 9. a3 c4 10. Bc2 Na5 11. f4 g6 12. g4 Bb5 13. f5 Qd7 14. a4 Ba6 15. Rf2 O-O-O 16. Nf3 gxf5 17. gxf5 Rg8+ 18. Ng3 Nb3 19. Bxb3 cxb3 20. Ng5 h6 21. Nh7 Be7 22. f6 Bd6 23. exd6 Rh8 24. Bxh6 Rxh7 25. Bf4 Bc4 26. a5 Na4 27. Ra3 b5 28. axb6 axb6 29. Rxb3 Bxb3 30. Qxb3 b5 31. Qb4 Kb7 32. b3 Nb6 33. c4 dxc4 34. Ne4 Rh5 35. bxc4 Nxc4 36. Nc5+ Rxc5 37. dxc5 e5 38. Bg3 Ra8 39. Rf1 Ra4 40. Qb3 Ra3 41. Qd1 Kc6 42. Qe2 Re3 43. Qg2+ e4 44. Bf4 Qh3 45. Ra1 Qf5 46. Bxe3 Nxe3 47. d7 Kxd7 48. Qg8 Nc4 49. Qxf7+ Kc6 50. Qg8 Ne5 51. Rd1 Kxc5 52. Qd5+ Kb6 53. Qd8+ Kb7 54. Qe7+ Kb6 55. Rd6+ Kc5 56. Re6+ Kc4 57. Qc7+ Kb4 58. Qd6+ Kc4 59. Rxe5 Qg4+ 60. Kf1 Qf3+ 61. Ke1 Qe3+ 62. Kd1 Qf3+ 63. Kc1 Qc3+ 64. Kd1 Qf3+ 65. Kc1 1/2-1/2

[Event "EU-chT (Men)"]
[Site "Leon"]
[Date "2001.11.15"]
[Round "9.3"]
[White "Degraeve, Jean Marc"]
[Black "Hertneck, Gerald"]
[Result "0-1"]
[WhiteElo "2588"]
[BlackElo "2570"]
[PlyCount "108"]
[EventDate "2001.11.06"]
[Source "ChessBase"]
[SourceDate "2001.02.01"]

1. e4 e6 2. d4 d5 3. Nd2 Nf6 4. e5 Nfd7 5. Bd3 c5 6. c3 Nc6 7. Ngf3 a5 8. O-O g6 9. dxc5 Ndxe5 10. Nxe5 Nxe5 11. Nf3 Nxf3+ 12. Qxf3 Bxc5 13. Bh6 Bf8 14. Bb5+ Bd7 15. Bxd7+ Qxd7 16. Bxf8 Kxf8 17. c4 Kg7 18. cxd5 exd5 19. Rad1 Rhd8 20. Rd4 Rac8 21. Rfd1 Rc5 22. h4 h5 23. g3 Qc6 24. Kg2 Rd6 25. R1d2 Rf6 26. Rf4 b6 27. a3 Rb5 28. Rdd4 Rc5 29. Rd2 Rxf4 30. Qxf4 Qf6 31. Qa4 Qe5 32. Qd1 Qe4+ 33. Kh2 a4 34. b3 axb3 35. Qxb3 Qe6 36. Rd4 Rc4 37. Rd2 d4 38. Qb5 Kh7 39. Rb2 Rc6 40. Re2 Qc4 41. Qxc4 Rxc4 42. Re7 Kg7 43. Rb7 Kf6 44. Rxb6+ Ke5 45. Kg2 Ke4 46. Rb7 Kd3 47. Rxf7 Kc2 48. Rf4 Kc3 49. Kf1 Rc6 50. Ke2 Rb6 51. Rf8 d3+ 52. Kf3 Rd6 53. Rc8+ Kb2 54. Rb8+ Ka1 0-1

[Event "Manila (ol)"]
[Site "?"]
[Date "1992.??.??"]
[Round "?"]
[White "Yurtaev, L."]
[Black "Gurevich, M."]
[Result "0-1"]
[WhiteElo "2515"]
[BlackElo "2635"]
[PlyCount "78"]
[EventDate "1992.??.??"]
[Source "ChessBase"]
[SourceDate "1992.06.01"]

1. e4 e6 2. d4 d5 3. Nd2 Nf6 4. e5 Nfd7 5. Bd3 c5 6. c3 Nc6 7. Ndf3 Qa5 8. Bd2 Qb6 9. Ne2 c4 10. Bc2 Qxb2 11. Ng5 h6 12. Rb1 Qxa2 13. Nxf7 Kxf7 14. Nf4 g5 15. Nxe6 Ndxe5 16. dxe5 Kxe6 17. O-O Kd7 18. Ra1 Qb2 19. Ba4 Kc7 20. e6 Bg7 21. Re1 Re8 22. Re2 Bxc3 23. Rb1 Qa3 24. Bxc6 bxc6 25. Re3 d4 26. Bxc3 dxc3 27. Qd4 Qd6 28. Qxc3 Rxe6 29. Qa5+ Kd7 30. Qf5 Kd8 31. Rxe6 Bxe6 32. Qf6+ Kc7 33. Qxh6 Rd8 34. h4 gxh4 35. Qg7+ Bd7 36. Qg5 c5 37. Qxh4 Bc6 38. Qxc4 Qg6 39. Qf4+ Rd6 0-1

[Event "Aeroflot Open"]
[Site "Moscow RUS"]
[Date "2008.02.22"]
[Round "9"]
[White "Iordachescu, V."]
[Black "Dyachkov, S."]
[Result "1/2-1/2"]
[WhiteElo "2586"]
[BlackElo "2559"]
[PlyCount "80"]
[EventDate "2008.02.14"]
[Source "www.chesslib.no"]
[SourceDate "2004.05.04"]

1. e4 e6 2. d4 d5 3. Nd2 Nf6 4. e5 Nfd7 5. Bd3 c5 6. c3 Nc6 7. Ngf3 Be7 8. O-O a5 9. Re1 cxd4 10. cxd4 Qb6 11. Nb1 Nxd4 12. Nxd4 Qxd4 13. Nc3 Bc5 14. Be3 Qh4 15. Bxc5 Nxc5 16. Re3 Bd7 17. Rc1 Rc8 18. Bb1 Qb4 19. Rc2 O-O 20. a3 Qf4 21. Ne2 Qg5 22. h4 Qe7 23. Nd4 f5 24. exf6 Qxf6 25. Rf3 Qe7 26. Re2 Qd6 27. Qd2 b6 28. b4 axb4 29. axb4 Na4 30. Bc2 Rxf3 31. Nxf3 Nc3 32. Re3 Qxb4 33. Ng5 h6 34. Qd3 hxg5 35. Qh7+ Kf7 36. Qg6+ Ke7 37. Qxg7+ Kd8 38. Qh8+ Ke7 39. Qg7+ Kd8 40. Qh8+ Ke7 1/2-1/2

[Event "Vienna op 13th"]
[Site "?"]
[Date "1998.??.??"]
[Round "?"]
[White "Smirin Ilia"]
[Black "Gleizerov Evgeny"]
[Result "1-0"]
[WhiteElo "2590"]
[BlackElo "2545"]
[PlyCount "63"]
[EventDate "1998.??.??"]
[Source "www.chesslib.no"]
[SourceDate "2004.05.04"]

1. e4 e6 2. d4 d5 3. Nd2 Nf6 4. e5 Nfd7 5. Bd3 c5 6. c3 Nc6 7. Ngf3 a5 8. O-O cxd4 9. cxd4 a4 10. Nb1 Nb6 11. Nc3 Bd7 12. a3 Be7 13. Bc2 Na5 14. Nxa4 Nxa4 15. Bxa4 Bxa4 16. Qxa4+ Qd7 17. Qd1 Qb5 18. Bd2 Nc4 19. Bc3 Qb6 20. Rb1 O-O 21. Ne1 Rfc8 22. Nd3 Na5 23. Nb4 Qb5 24. Nc2 Nb3 25. Re1 Rc7 26. Re3 Rac8 27. Rh3 Na5 28. Ne3 Bg5 29. Qh5 h6 30. Rf1 Bxe3 31. fxe3 Nc4 32. Rg3 1-0

[Event "EU-ch 2nd"]
[Site "Ohrid"]
[Date "2001.06.12"]
[Round "11"]
[White "Kobalija, Mihail"]
[Black "Bischoff, Klaus"]
[Result "1/2-1/2"]
[WhiteElo "2590"]
[BlackElo "2533"]
[PlyCount "105"]
[EventDate "2001.06.01"]
[Source "ChessBase"]
[SourceDate "2001.09.13"]

1. e4 e6 2. d4 d5 3. Nd2 Nf6 4. e5 Nfd7 5. Bd3 c5 6. c3 Nc6 7. Ne2 Be7 8. O-O a5 9. f4 cxd4 10. cxd4 Nb6 11. Nf3 h5 12. Nc3 Bd7 13. a3 g6 14. g3 Na7 15. Kg2 Bc6 16. Ng5 Qd7 17. Qc2 Rg8 18. a4 Rc8 19. b3 Na8 20. Qe2 Nc7 21. Bd2 b5 22. axb5 Naxb5 23. Nxb5 Nxb5 24. Qf2 Na3 25. Bxa5 Rb8 26. Qa2 Nc4 27. Bd2 Kf8 28. Bc1 Kg7 29. Kg1 Ra8 30. Qb1 Rgb8 31. Rxa8 Bxa8 32. Nxf7 Qa7 33. Bxg6 Qxd4+ 34. Kg2 Ne3+ 35. Bxe3 Qxe3 36. Bh7 d4+ 37. Kh3 d3 38. Bxd3 Qd2 39. Be4 Rxb3 40. Qc2 Qxc2 41. Bxc2 Rb2 42. Rf2 Be4 43. Bxe4 Rxf2 44. Nd6 Bxd6 45. exd6 Rd2 46. Kh4 Kh6 47. h3 Rxd6 48. Bf3 Rd4 49. Bxh5 e5 50. Be8 e4 51. Kg4 Rd8 52. Bc6 Rg8+ 53. Kf5 1/2-1/2

[Event "Moscow RUS"]
[Site "?"]
[Date "2006.02.04"]
[Round "7"]
[White "Lastin Alexander"]
[Black "Kosyrev Vladimir"]
[Result "1/2-1/2"]
[WhiteElo "2594"]
[BlackElo "2527"]
[PlyCount "36"]
[EventDate "2006.??.??"]
[Source "www.chesslib.no"]
[SourceDate "2004.05.04"]

1. e4 e6 2. d4 d5 3. Nd2 Nf6 4. e5 Nfd7 5. Bd3 c5 6. c3 Nc6 7. Ngf3 f6 8. exf6 Nxf6 9. O-O cxd4 10. cxd4 Bd6 11. b3 O-O 12. Bb2 Qb6 13. Rc1 Bd7 14. Ne5 Be8 15. Bb1 Bh5 16. Qe1 Nxd4 17. Bxd4 Qxd4 18. Nef3 Qb6 1/2-1/2

[Event "16. Dr Milan Vidmar Memorial"]
[Site "?"]
[Date "2005.07.15"]
[Round "7"]
[White "Pavasovic Dusko"]
[Black "Bartel Mateusz"]
[Result "1/2-1/2"]
[WhiteElo "2566"]
[BlackElo "2540"]
[PlyCount "64"]
[EventDate "2005.??.??"]
[Source "www.chesslib.no"]
[SourceDate "2004.05.04"]

1. e4 e6 2. d4 d5 3. Nd2 Nf6 4. e5 Nfd7 5. Bd3 c5 6. c3 Nc6 7. Ngf3 Be7 8. O-O g5 9. dxc5 Ndxe5 10. Nxe5 Nxe5 11. Nb3 Nxd3 12. Qxd3 e5 13. Qe2 Qc7 14. Re1 e4 15. c4 Be6 16. Nd4 Bxc5 17. cxd5 Bxd5 18. Qb5+ Kf8 19. Be3 a6 20. Qa4 b5 21. Qd1 Qd7 22. Bxg5 Rg8 23. Bh6+ Ke8 24. Be3 Rd8 25. Qh5 Bxd4 26. Bxd4 Qg4 27. Qxg4 Rxg4 28. Bf6 Rd6 29. f3 Rg6 30. fxe4 Bb7 31. Bc3 Rde6 32. g3 Rxe4 1/2-1/2

[Event "LXXVII Camp. ucraino"]
[Site "Poltava UCR"]
[Date "2008.12.07"]
[Round "6"]
[White "Baklan, Vladimir"]
[Black "Sitnikov, Anton"]
[Result "1-0"]
[WhiteElo "2625"]
[BlackElo "2480"]
[PlyCount "71"]
[EventDate "2008.12.02"]
[Source "www.chesslib.no"]
[SourceDate "2004.05.04"]

1. e4 e6 2. d4 d5 3. Nd2 Nf6 4. e5 Nfd7 5. Bd3 c5 6. c3 Nc6 7. Ngf3 Rb8 8. O-O b5 9. a4 b4 10. c4 Ba6 11. cxd5 Bxd3 12. dxc6 Nb6 13. dxc5 Bxc5 14. Re1 Rc8 15. a5 Rxc6 16. Ne4 Bxe4 17. Qxd8+ Kxd8 18. axb6 Bxf3 19. Rxa7 Rxb6 20. gxf3 Rf8 21. Be3 Bxe3 22. fxe3 f6 23. Rea1 Kc8 24. Rxg7 fxe5 25. Ra8+ Rb8 26. Raa7 Rb6 27. Rxh7 Kb8 28. Kg2 Rc8 29. Rag7 Rc2+ 30. Kg3 Ka8 31. h4 Rxb2 32. h5 b3 33. h6 Rb1 34. Rh8+ Rb8 35. Rxb8+ Kxb8 36. h7 1-0

[Event "Andorra"]
[Site "?"]
[Date "2000.04.07"]
[Round "2"]
[White "Polgar Judith"]
[Black "De la Riva Oscar"]
[Result "1/2-1/2"]
[WhiteElo "2658"]
[BlackElo "2443"]
[PlyCount "111"]
[EventDate "2000.??.??"]
[Source "www.chesslib.no"]
[SourceDate "2004.05.04"]

1. e4 e6 2. d4 d5 3. Nd2 Nf6 4. e5 Nfd7 5. Bd3 c5 6. c3 Nc6 7. Ngf3 Qb6 8. O-O cxd4 9. cxd4 Nxd4 10. Nxd4 Qxd4 11. Nf3 Qb6 12. Qc2 h6 13. a4 Be7 14. a5 Qd8 15. Be3 O-O 16. Ra4 f5 17. exf6 Bxf6 18. Rg4 e5 19. Bf5 e4 20. Nd4 Ne5 21. Rf4 Nc4 22. Bxe4 Nxe3 23. Bh7+ Kh8 24. fxe3 Qe7 25. Qd3 Bd7 26. Bf5 Bxd4 27. Qxd4 Bxf5 28. Rxf5 Rxf5 29. Rxf5 Re8 30. Kf2 Qc7 31. Qxd5 Qc2+ 32. Kf3 Qxb2 33. Qd7 Rg8 34. h4 Qb1 35. Qd5 Qf1+ 36. Kg4 Qe2+ 37. Qf3 Qc4+ 38. Qf4 Qe6 39. Kg3 Re8 40. Rf8+ Rxf8 41. Qxf8+ Kh7 42. Qf4 b6 43. axb6 axb6 44. e4 Kg6 45. e5 Qb3+ 46. Kh2 Qe6 47. Qe4+ Kf7 48. h5 Ke7 49. Qb7+ Kf8 50. Qc7 Qf5 51. Qd6+ Kf7 52. Kg1 Qb1+ 53. Kf2 Qf5+ 54. Ke3 Qe6 55. Qc7+ Qe7 56. Qc4+ 1/2-1/2

[Event "15. European Team Championship"]
[Site "?"]
[Date "2005.07.31"]
[Round "2.9"]
[White "Perunovic Milos"]
[Black "Berg Emanuel"]
[Result "0-1"]
[WhiteElo "2559"]
[BlackElo "2539"]
[PlyCount "66"]
[EventDate "2005.??.??"]
[Source "www.chesslib.no"]
[SourceDate "2004.05.04"]

1. e4 e6 2. d4 d5 3. Nd2 Nf6 4. e5 Nfd7 5. Bd3 c5 6. c3 Nc6 7. Ngf3 g6 8. h4 h6 9. a3 Qb6 10. O-O g5 11. hxg5 hxg5 12. Nxg5 cxd4 13. cxd4 Qxd4 14. Ndf3 Qg4 15. Nxf7 Rg8 16. N7g5 Ndxe5 17. Be2 Nxf3+ 18. Bxf3 Qh4 19. g3 Rxg5 20. Bxg5 Qxg5 21. b4 Bd7 22. Rc1 Bd6 23. Re1 Kf7 24. Bg2 Rh8 25. Qb3 Qh5 26. Rcd1 Ne5 27. a4 Ng4 28. Rd3 Kg7 29. Qc3+ Nf6 30. b5 Rh6 31. Qa5 e5 32. Qxa7 e4 33. Rc3 Bb4 0-1

[Event "Clichy"]
[Site "Clichy"]
[Date "2001.06.25"]
[Round "1"]
[White "Degraeve, Jean Marc"]
[Black "Apicella, Manuel"]
[Result "1/2-1/2"]
[WhiteElo "2589"]
[BlackElo "2508"]
[PlyCount "57"]
[EventDate "2001.06.25"]
[Source "ChessBase"]
[SourceDate "2001.11.13"]

1. e4 e6 2. d4 d5 3. Nd2 Nf6 4. e5 Nfd7 5. Bd3 c5 6. c3 Nc6 7. Ngf3 cxd4 8. cxd4 Nb6 9. a3 a5 10. b3 a4 11. b4 Bd7 12. h4 Rc8 13. Bb2 Na7 14. Ng5 Be7 15. f4 Bb5 16. Bc2 h6 17. Ngf3 Rc6 18. h5 Qc7 19. Rc1 Kd7 20. Kf2 Rc8 21. Bb1 Rxc1 22. Qxc1 Qd8 23. Qe1 Nc4 24. Nxc4 Bxc4 25. Nd2 Bb5 26. Qe3 Rc6 27. Rc1 Rxc1 28. Bxc1 Nc8 29. Bb2 1/2-1/2